SAARC and the superpowers / (Record no. 21579)

MARC details
000 -LEADER
fixed length control field 01097cam a2200325 a 4500
001 - CONTROL NUMBER
control field 4392384
003 - CONTROL NUMBER IDENTIFIER
control field BDDh-ASL
005 - DATE AND TIME OF LATEST TRANSACTION
control field 20231015030018.0
008 - FIXED-LENGTH DATA ELEMENTS--GENERAL INFORMATION
fixed length control field 911017s1991 bg b 000 0 eng
010 ## - LIBRARY OF CONGRESS CONTROL NUMBER
LC control number 91904763
020 ## - INTERNATIONAL STANDARD BOOK NUMBER
International Standard Book Number 9840511521 :
Terms of availability Tk275.00
025 ## - OVERSEAS ACQUISITION NUMBER
Overseas acquisition number B-E-6887
040 ## - CATALOGING SOURCE
Original cataloging agency DLC
Transcribing agency DLC
Modifying agency DLC
-- BDDh-ASL
043 ## - GEOGRAPHIC AREA CODE
Geographic area code az-----
050 00 - LIBRARY OF CONGRESS CALL NUMBER
Classification number DS341
Item number .S22 1991
082 ## - DEWEY DECIMAL CLASSIFICATION NUMBER
Classification number 327
Item number KHS
245 00 - TITLE STATEMENT
Title SAARC and the superpowers /
Statement of responsibility, etc. editor, Zillur R. Khan.
260 ## - PUBLICATION, DISTRIBUTION, ETC.
Place of publication, distribution, etc. Dhaka :
Name of publisher, distributor, etc. University Press,
Date of publication, distribution, etc. 1991.
300 ## - PHYSICAL DESCRIPTION
Extent 192 p. ;
Dimensions 22 cm.
500 ## - GENERAL NOTE
General note Contributed articles.
504 ## - BIBLIOGRAPHY, ETC. NOTE
Bibliography, etc. note Includes bibliographical references.
610 20 - SUBJECT ADDED ENTRY--CORPORATE NAME
Corporate name or jurisdiction name as entry element South Asian Association for Regional Cooperation.
651 #0 - SUBJECT ADDED ENTRY--GEOGRAPHIC NAME
Geographic name South Asia
General subdivision Politics and government.
651 #0 - SUBJECT ADDED ENTRY--GEOGRAPHIC NAME
Geographic name South Asia
General subdivision Foreign relations.
700 1# - ADDED ENTRY--PERSONAL NAME
Personal name Khan, Zillur R.
Fuller form of name (Zillur Rahman),
Dates associated with a name 1938-
740 0# - ADDED ENTRY--UNCONTROLLED RELATED/ANALYTICAL TITLE
Uncontrolled related/analytical title South Asian Association for Regional Cooperation and the superpowers.
906 ## - LOCAL DATA ELEMENT F, LDF (RLIN)
a 7
b cbc
c orignew
d 3
e ncip
f 19
g y-gencatlg
942 ## - ADDED ENTRY ELEMENTS (KOHA)
Source of classification or shelving scheme Dewey Decimal Classification
Koha item type Books
Holdings
Withdrawn status Lost status Source of classification or shelving scheme Damaged status Not for loan Collection code Home library Current library Shelving location Date acquired Source of acquisition Total Checkouts Full call number Barcode Date last seen Copy number Price effective from Koha item type
    Dewey Decimal Classification     Non-fiction Asiatic Society Library Asiatic Society Library General Stacks 02/06/2021 ASB Collection   327 KHS 105382 02/06/2021 C-1 02/06/2021 Books

Powered by Koha